Ces mots prennent AUX au pluriel_Mort Subite - Statistiques

Statistiques générales
  • Ce quiz a été pris 82 fois
  • Le résultat moyen est 11 sur 18
Answers on the Grid
Answers color-coded by a green-red scale on the quiz's grid according to % correct below.
Architectural
Bail
Bal
Boyau
Carnaval
Chacal
Chameau
Collatéral
Confessionnal
Détail
Eau
Editorial
Émail
Estival
Festival
Fondamental
Gouvernail
Horizontal
Illégal
Landau
Local
Médiéval
Ovale
Pétale
Pluvial
Provençal
Rail
Récital
Sénégal
Vitrail
 
Statistiques - réponses
Réponse % Correct
Architectural
83%
Illégal
83%
Boyau
82%
Chameau
75%
Fondamental
75%
Eau
72%
Collatéral
66%
Local
65%
Médiéval
62%
Vitrail
62%
Provençal
60%
Horizontal
58%
Estival
54%
Editorial
52%
Bail
51%
Pluvial
37%
Confessionnal
23%
Émail
17%
Aucun quiz correspondant
Distribution des résultats
% des personnes avec chaque résultat
Percentile par nombre de réponses
Votre historique - résultats
Vous n’avez pas pris ce quiz